000 00675cam a2200181 4500
001 WB3716-25
008 000000n2001 000 0 eng u
035 _a(Sirsi) u112137
245 _aEvaluation of organic scheme
260 _c2001
490 _aFarmers Guardian
_v13 April 2001, 26(1)
520 _aGovernment has agreed to an independent evaluation of the Organic Farming Scheme, but disappointed campaigners by declining to back an organic action plan. Outlines key points of MAFF's response to the agriculture select committee report.
590 _aWB
650 _aORGANIC FARMING SCHEME
650 _aORGANIC FARMING
690 _aRural
_96268
942 _n0
999 _c66781
_d66781